000 00511nam a22001937a 4500
005 20260427101413.0
008 260427b |||||||| |||| 00| 0 eng d
020 _a978-81-203-4627-7
050 _aHF 5686 .C7 G69 2025
100 _aGOYAL, V.K
245 _aCORPORATE ACCOUNTING
250 _a3RD
260 _aDE4LHI,
_bPHI LEARNING PRIVATE LIMITED
_c2025.
300 _aXIII, 630 P, ILL
500 _aINCLUDES INDEX
650 _aCORPORATIONS ACCOUNTING.
700 _aGOYAL, V.K
942 _2lcc
_cBK
999 _c217051
_d217051